Ảnh hưởng bổ sung tỏi, nghệ trong khẩu phần ăn lên sinh trưởng và các chỉ tiêu sinh lý, sinh hoá máu heo thịt : Luận văn Thạc sĩ Khoa học Nông nghiệp chuyên ngành Chăn nuôi

Luận văn xác định ảnh hưởng của tỏi và nghệ lên sự sinh trưởng, các chỉ tiêu sinh lí máu và sinh hóa máu ở heo đực thiến Yorkshire x Landrace trong giai đọan 30-100kg

Đã lưu trong:
Sonraí Bibleagrafaíochta
Príomhúdar: Đặng, Thị Ngọc Hân
Formáid: Leabhar
Teanga:Undetermined
Foilsithe: Cần Thơ Trường Đại học Cần Thơ 2011
Ábhair:
Clibeanna: Cuir Clib Leis
Gan Chlibeanna, Bí ar an gcéad duine leis an taifead seo a chlibeáil!
Thư viện lưu trữ: Trung tâm Học liệu Trường Đại học Cần Thơ
LEADER 01201nam a2200229Ia 4500
001 CTU_170018
008 210402s9999 xx 000 0 und d
082 |a 636.4 
082 |b H121 
088 |a 60620105 
100 |a Đặng, Thị Ngọc Hân 
245 0 |a Ảnh hưởng bổ sung tỏi, nghệ trong khẩu phần ăn lên sinh trưởng và các chỉ tiêu sinh lý, sinh hoá máu heo thịt : 
245 0 |b Luận văn Thạc sĩ Khoa học Nông nghiệp chuyên ngành Chăn nuôi 
245 0 |c Đặng Thị Ngọc Hân ; Đỗ Võ Anh Khoa , Nguyễn Nhựt Xuân Dung (Hướng dẫn khoa học) 
260 |a Cần Thơ 
260 |b Trường Đại học Cần Thơ 
260 |c 2011 
520 |a Luận văn xác định ảnh hưởng của tỏi và nghệ lên sự sinh trưởng, các chỉ tiêu sinh lí máu và sinh hóa máu ở heo đực thiến Yorkshire x Landrace trong giai đọan 30-100kg 
650 |a Swine,Heo 
650 |x Feeding and feeds,Thức ăn và cho ăn 
904 |i Lan Anh, Trúc 
980 |a Trung tâm Học liệu Trường Đại học Cần Thơ